| 000 | 00388nam a22001217a 4500 | ||
|---|---|---|---|
| 999 |
_c1217 _d1217 |
||
| 005 | 20200826115723.0 | ||
| 008 | 200826b ||||| |||| 00| 0 eng d | ||
| 020 | _a0521275199 | ||
| 040 | _cCML | ||
| 245 |
_aEnglish for Science and Technology: A Discourse Approach. _cTrimble, L. |
||
| 260 |
_aCambridge _bCambridge University Press _c1985 |
||
| 942 |
_2ddc _cBK _h428.07 _mTRI |
||